Avram Grant's Chelsea - Statistics

General Stats
  • This quiz has been taken 14 times
  • The average score is 22 of 25
Answer Stats
Rank Player Position Nationality Matches Goals Assists % Correct
6 Alex Centre-Back 35 3 2
100%
20 Andriy Shevchenko Centre-Forward 23 7 1
100%
8 Ashley Cole Left-Back 33 1 1
100%
16 Didier Drogba Centre-Forward 27 14 5
100%
5 Frank Lampard Central Midfield 35 17 12
100%
1 Joe Cole Attacking Midfield 49 10 9
100%
13 John Obi Mikel Defensive Midfield 32 0 0
100%
10 John Terry Centre-Back 32 1 1
100%
3 Michael Essien Defensive Midfield 39 5 7
100%
19 Nicolas Anelka Centre-Forward 24 2 6
100%
17 Paulo Ferreira Right-Back 27 0 2
100%
11 Petr Cech Goalkeeper 32 0 0
100%
4 Ricardo Carvalho Centre-Back 35 1 1
100%
2 Salomon Kalou Left Winger 41 11 9
100%
23 Carlo Cudicini Goalkeeper 19 0 0
92%
18 Claudio Pizarro Centre-Forward 26 1 4
92%
15 Florent Malouda Left Winger 30 2 4
92%
14 Michael Ballack Central Midfield 30 9 3
92%
12 Claude Makélélé Defensive Midfield 32 0 1
83%
9 Shaun Wright-Phillips Right Winger 33 4 2
83%
7 Juliano Belletti Right-Back 34 2 2
75%
24 Tal Ben Haim Centre-Back 16 0 0
75%
21 Wayne Bridge Left-Back 22 0 1
75%
25 Scott Sinclair Left Winger 6 1 3
33%
22 Steve Sidwell Central Midfield 21 1 1
33%
No matching quizzes found
Score Distribution
Percent of People with Each Score
Percentile by Number Answered
Your Score History
You have not taken this quiz